|
|
|
|
| LEADER |
01120naa a2200241 i 4500 |
| 001 |
acta84367 |
| 005 |
20240411105253.0 |
| 008 |
240411s2019 hu o 1|| eng d |
| 020 |
|
|
|a 978-963-306-653-9
|
| 040 |
|
|
|a SZTE Egyetemi Kiadványok Repozitórium
|b hun
|
| 041 |
|
|
|a eng
|
| 100 |
1 |
|
|a Mihalkó József
|
| 245 |
1 |
0 |
|a Comparison analysis of bologna sausages with different meat
|h [elektronikus dokumentum] :
|b [abstract] /
|c Mihalkó József
|
| 260 |
|
|
|a University of Szeged, Faculty of Agriculture
|b Hódmezővásárhely
|c 2019
|
| 300 |
|
|
|a 57
|
| 490 |
0 |
|
|a Wellmann International Scientific Conference
|v 17
|
| 650 |
|
4 |
|a Műszaki és technológiai tudományok
|
| 650 |
|
4 |
|a Egyéb műszaki tudományok és technológiák
|
| 695 |
|
|
|a Élelmiszeripari technológia - hús - előadáskivonat, Élelmiszervizsgálat - hús - előadáskivonat
|
| 700 |
0 |
1 |
|a Zsarnóczay Gabriella
|e aut
|
| 700 |
0 |
1 |
|a Zakupszki Zita
|e aut
|
| 711 |
|
|
|a 17th Wellmann International Scientific Conference
|c Hódmezővásárhely
|d 2019. május 8.
|
| 856 |
4 |
0 |
|u http://acta.bibl.u-szeged.hu/84367/1/wellmann_abstracts_2019_057.pdf
|z Dokumentum-elérés
|